[Event "Florianopolis op-C"]
[Site "Florianopolis"]
[Date "2023.09.23"]
[Round "3"]
[White "Da Silva, Joao Carlos Orguim"]
[Black "Robell, Pedro Da Rocha Lour"]
[Result "1-0"]
[WhiteElo "1674"]
[BlackElo "1800"]
[PlyCount "63"]
[EventDate "2023.09.22"]
[EventType "swiss"]
[EventRounds "6"]
[EventCountry "BRA"]
[SourceTitle "CBM 216 Extra"]
[Source "ChessBase"]
[SourceDate "2023.11.30"]
[SourceVersion "1"]
[SourceVersionDate "2023.11.30"]
[SourceQuality "1"]

1. b3 e5 2. Bb2 Nc6 3. e3 Nf6 4. Bb5 Bd6 5. Nf3 e4 6. Nd4 a6 7. Be2 0-0 8. f4 Be7 9. Nf5 d6 10. Nxe7+ Qxe7 11. h4 Be6 12. g4 Nd7 13. f5 Nde5 14. fxe6 fxe6 15. g5 Nf3+ 16. Bxf3 Rxf3 17. Nc3 d5 18. Qe2 Raf8 19. 0-0-0 Ne5 20. Nxe4 Ng4 21. Nc3 Nf2 22. Rdf1 R8f5 23. Nd1 Qf7 24. Rxf2 Rxf2 25. Nxf2 Rxf2 26. Qe1 c5 27. Be5 Qf5 28. Bf4 e5 29. Qxf2 Qe4 30. Rf1 h6 31. Bg3 Kh7 32. Qf5+ 1-0